Por qué fracasan los países. Los orígenes del poder, la prosperidad y la pobreza.

Uloženo v:
Podrobná bibliografie
Hlavní autor: Acemoglu, Daron (autor)
Další autoři: Robinson, James A (autor), García, Madera, Marta (traducción)
Médium: Kniha
Jazyk:španělština
Vydáno: Santiago, Chile: Planeta Chilena, 2014.
Vydání:Segunda edición.
Témata:
Tagy: Přidat tag
Žádné tagy, Buďte první, kdo vytvoří štítek k tomuto záznamu!

MARC

LEADER 00000cam a2200000 a 4500
001 UCE3280
003 CL-VaPUC
005 20220822114407.0
008 140829t20140600cl |||||||||||||||||spa|d
999 |c 356700  |d 356698 
020 |a 978-956-247-776-5 
040 |c Pontificia Universidad Católica de Valparaíso 
082 0 4 |a 330 ACE 2014  |2 21 
100 0 |a Acemoglu, Daron  |e autor  |9 575842 
245 1 0 |a Por qué fracasan los países.  |b Los orígenes del poder, la prosperidad y la pobreza. 
250 |a Segunda edición.  
260 |a Santiago, Chile:   |b Planeta Chilena,  |c 2014. 
300 |a 589 páginas.  
500 |a c.2 Donación Familia Prof. Alejandro Guzmán Brito. 
583 |a last modification  |c 20140829 08:59:00  |k Rodrigo Vera 
650 0 |a Economía política  |9 255814 
650 0 |a Pobreza  |9 258652 
650 0 |a Prosperidad   |9 377275 
700 0 |a Robinson, James A  |e autor  |9 575843 
700 0 |a García, Madera, Marta  |e traducción  |9 865661 
942 |c BK  |2 ddc  |n 0 
945 |d 20140829 08:59:00  |a dcastane 
952 |0 0  |1 0  |3 erb  |4 0  |6 330_000000000000000_ACE_2014  |7 0  |8 A  |9 464232  |a BIBENE  |b BIBENE  |i 5111293  |l 2  |o 330 ACE 2014  |p 5111293  |r 2025-01-15  |s 2024-04-10  |w 2019-11-23  |y BK  |z Catalogado en:20140829  |k ICO 
952 |0 0  |1 0  |2 ddc  |4 0  |6 330_000000000000000_ACE_2014  |7 1  |8 C_AGB  |9 580322  |a BIBDER  |b BIBDER  |d 2022-01-10  |e Donación   |i 5636558  |l 1  |m 1  |o 330 ACE 2014  |p 5636558  |r 2024-12-20  |s 2024-09-12  |t 2  |w 2022-01-10  |y BK_US  |k AGB